| 000 | 00402 a2200145 4500 | ||
|---|---|---|---|
| 005 | 20250627160059.0 | ||
| 020 | _a13: 978-0-07-352302-6 | ||
| 082 | _a337(dc22) PUG. | ||
| 100 | _aPUGEL, A. T. | ||
| 245 | _aInternational Economics, | ||
| 260 |
_aNew York, _bMc Graw Hill Irwin, _c2007. |
||
| 300 |
_axxii.; 718p.; Ill.; picture. _bIndex, & References, _c26cm. |
||
| 700 | _aGOLDEN, B. | ||
| 942 |
_2ddc _cBKS |
||
| 999 |
_c5738 _d5738 |
||